[Event "Titled Tuesday intern op 04th Apr Early"]
[Site "Chess.com INT"]
[Date "2023.04.04"]
[Round "6"]
[White "Szajbely, Zsigmond"]
[Black "Levine, David M"]
[Result "1-0"]
[WhiteElo "2243"]
[BlackElo "2040"]
[PlyCount "81"]
[EventDate "2023.04.04"]
[EventType "swiss (blitz)"]
[EventRounds "11"]
[EventCountry "USA"]
[SourceTitle "EXT 2024"]
[Source "ChessBase"]
[SourceDate "2023.10.10"]
[SourceVersion "1"]
[SourceVersionDate "2023.10.10"]
[SourceQuality "1"]

1. Nf3 d5 2. g3 Nf6 3. Bg2 e6 4. 0-0 Be7 5. d4 0-0 6. c4 dxc4 7. Ne5 Nc6 8. Nxc6 bxc6 9. Qa4 Rb8 10. Qxc4 Rb4 11. Qxc6 Rxd4 12. Be3 Rd1 13. Nc3 Rxa1 14. Rxa1 Bd7 15. Qb7 a5 16. Rd1 Qc8 17. Qa7 Bb4 18. Ne4 Ba4 19. Nxf6+ gxf6 20. b3 Bb5 21. Bf3 Rd8 22. Rc1 Rd7 23. Bc5 Qd8 24. Bxb4 axb4 25. Qc5 Rd1+ 26. Rxd1 Qxd1+ 27. Kg2 Bxe2 28. Bxe2 Qxe2 29. Qxc7 Qxa2 30. Qb8+ Kg7 31. Qxb4 Qc2 32. Qg4+ Kf8 33. b4 Qc6+ 34. Kh3 f5 35. Qd4 Qf3 36. b5 h5 37. b6 h4 38. Qb4+ Kg7 39. b7 hxg3 40. Qb2+ Kg6 41. fxg3 1-0

[Event "Titled Tuesday intern op 28th Mar Early"]
[Site "Chess.com INT"]
[Date "2023.03.28"]
[Round "4"]
[White "Sarkar, Justin"]
[Black "Levine, David M"]
[Result "1-0"]
[WhiteElo "2338"]
[BlackElo "2040"]
[PlyCount "45"]
[EventDate "2023.03.28"]
[EventType "swiss (blitz)"]
[EventRounds "11"]
[EventCountry "USA"]
[SourceTitle "EXT 2024"]
[Source "ChessBase"]
[SourceDate "2023.10.10"]
[SourceVersion "1"]
[SourceVersionDate "2023.10.10"]
[SourceQuality "1"]

1. e4 e5 2. f4 exf4 3. Nf3 d5 4. exd5 Nf6 5. Bb5+ c6 6. dxc6 Nxc6 7. Qe2+ Be7 8. d4 0-0 9. Bxc6 bxc6 10. Bxf4 Nd5 11. Bd2 Bh4+ 12. g3 Re8 13. Ne5 Bg5 14. 0-0 f6 15. Bxg5 fxg5 16. Qh5 Be6 17. c3 Qb6 18. Nd2 Qxb2 19. Ne4 h6 20. Rab1 Qc2 21. Qg6 Ne3 22. Nf6+ Kf8 23. Nh7+ 1-0